00576 2200229 4500001002100000005001700021008004100038035002400079082001000103090002000113100001700133245003500150250001100185260003800196300002400234650002100258850001600279980001500295985000600310999001500316999001500331YOGYA-0209000006751120090227092001.0 ind  0010-020900000067511 a028.5 a028.5bDis GlK aDISNEY, Walt aGufi juara renangcWalt Disney aCet. 1 aJakartabGaya Favorit Pressc1993 a16 hlmbilusc21 cm aBacaan bergambar aYOPDYOG JSC a28-12-2008 a2 a94P0051511 aB000010391